| 000 | 01137nam0a22003011 4500 | ||
|---|---|---|---|
| 001 | rc\3907588 | ||
| 005 | 20250611015724.0 | ||
| 021 |
_aRU _b[55-46450] |
||
| 035 | _a(NLR Aleph) 008017332 | ||
| 090 |
_a8738555 _c8738555 |
||
| 100 | _a20130415d1955 |||y0rusy50 ca | ||
| 101 | 1 |
_arus _cpor |
|
| 102 | _aRU | ||
| 105 | _aa z |||a| | ||
| 200 | 1 |
_aБескрайние земли _eРоман _e[1 ч. трилогии] _fПер. с португал. Г. Калугина _gПредисл. И. Эренбурга _gРед. О. Плинк |
|
| 210 |
_aМосква _cИзд-во иностр. лит. _d1955 |
||
| 215 |
_a295 с. _cил. _d21 |
||
| 300 | _a2-я и 3-я ч. трилогии вышли под загл.: "Земля золотых плодов" и "Красные всходы" | ||
| 607 |
_aБразилия _z20 в. (х. л.) _2psbo |
||
| 700 | 1 |
_aАмаду _bЖ. _f1912- _gЖоржи |
|
| 702 | 1 |
_aЭренбург _bИ. _4080 |
|
| 702 | 1 |
_aПлинк _bО. _4340 |
|
| 702 | 1 |
_aКалугин _bГ. _4730 |
|
| 801 | 0 |
_aRU _bNLR _gpsbo |
|
| 801 | 1 |
_aRU _bELAR _2rusmarc |
|
| 852 |
_aNLR _jЛ60 Г-3/700 |
||
| 942 | _cBOOK | ||
| 980 | _aNB | ||